000 00509nam a2200181Ia 4500
005 20250508153012.0
008 008 250505s9999 xx 000 0 eng d
037 _aTextual
040 _aFEDL
_beng
_cFEDL
041 _aeng
_2eng
084 _a954, PAR
_qFEDL
100 _aPargiter F E
245 0 _aAncient Indian historical tradition
260 _aDelhi, India
_bMotilan Banarsidass Publishers Pvt. Ltd.
_c1962
300 _a368p
942 _cTEXL
_h954, PAR
999 _c1340091
_d1340091